2000's Rock Albums - Sudden Death - Statistics

General Stats
  • This quiz has been taken 212 times
  • The average score is 4 of 15
Answers on the Grid
Answers color-coded by a green-red scale on the quiz's grid according to % correct below.
A Perfect Circle - Mer de Noms
AC/DC - Rock or Bust
Alice in Chains - Black Gives Way to Blue
Audioslave - Out of Exile
Blink-182 - Take Off Your Pants and Jacket
Eagles - Long Road out of Eden
Foo Fighters - One by One
Garbage - Beautiful Garbage
Goo Goo Dolls - Dizzy Up the Girl
Green Day - American Idiot
Guns 'N' Roses - Use Your Illusion II
The Killers - Hot Fuss
Lenny Kravitz - Are You Gonna Go My Way?
Linkin Park - Meteora
Metallica - Hardwired... To Self Destruct
Neil Young - Harvest Moon
The Offspring - Ixnay on the Hombre
Pearl Jam - Lightning Bolt
Radiohead - OK Computer
Rage Against the Machine - Renegades
Red Hot Chili Peppers - Californication
Rob Zombie - Hellbilly Deluxe
SlipKnot - All Hope is Gone
Smashing Pumpkins - Adore
Stone Sour - Come What(ever) May
System of a Down - Mezmerize
Tonic - Lemon Parade
Velvet Revolver - Contraband
The Verve - Urban Hymns
Weezer - (Blue Album)
 
Answer Stats
Answer % Correct
Green Day - American Idiot
59%
Linkin Park - Meteora
47%
The Killers - Hot Fuss
43%
Blink-182 - Take Off Your Pants and Jacket
41%
Foo Fighters - One by One
40%
Audioslave - Out of Exile
38%
System of a Down - Mezmerize
25%
A Perfect Circle - Mer de Noms
23%
Alice in Chains - Black Gives Way to Blue
22%
SlipKnot - All Hope is Gone
19%
Rage Against the Machine - Renegades
14%
Eagles - Long Road out of Eden
12%
Velvet Revolver - Contraband
11%
Garbage - Beautiful Garbage
10%
Stone Sour - Come What(ever) May
10%
No matching quizzes found
Score Distribution
Percent of People with Each Score
Percentile by Number Answered
Your Score History
You have not taken this quiz